Szeged konferencia fejlesztési lehetőségei

Bibliographic Details
Main Author: Barta Réka
Other Authors: Róbert Nóra
Format: Thesis
Kulcsszavak:Konferencia
fejlesztés
Szeged
üzleti turizmus
Rendezvényszervezés
Online Access:http://dolgozattar.uni-bge.hu/23105

MARC

LEADER 00000nta a2200000 i 4500
001 dolg23105
005 20200221143242.0
008 191121suuuu hu om 000 hun d
040 |a BGE Dolgozattár Repozitórium  |b hun 
041 |a hu 
100 1 |a Barta Réka 
245 1 0 |a Szeged konferencia fejlesztési lehetőségei  |c Barta Réka  |h [elektronikus dokumentum] 
695 |a Konferencia 
695 |a fejlesztés 
695 |a Szeged 
695 |a üzleti turizmus 
695 |a Rendezvényszervezés 
700 1 |a Róbert Nóra  |e ths 
856 4 0 |u http://dolgozattar.uni-bge.hu/23105/1/Barta_R%C3%A9ka_WT3TZH.pdf  |z Dokumentum-elérés